[Event "DVM U14 2018"]
[Site "Magdeburg GER"]
[Date "2018.12.27"]
[Round "2"]
[White "Günther, Fabian"]
[Black "Maas, Kolja"]
[Result "1-0"]
[Termination "normal"]
[Board "6.4"]
[WhiteElo "1485"]
[BlackElo "1573"]
[WhiteTeam "USV TU Dresden"]
[BlackTeam "Lübecker SV"]
[PlyCount "145"]
[WhiteFideId "16240294"]
[BlackFideId "16220420"]
[EventCountry "GER"]
[EventRounds "7"]
[EventType "team-swiss"]
[EventDate "2018.12.26"]

1. d4 Nf6 2. c4 g6 3. Nc3 Bg7 4. e4 d6 5. Bg5 Nbd7 6. Nf3 c6 7. b4 O-O 8. Bd3
e5 9. d5 Qc7 10. Qb3 b6 11. O-O c5 12. b5 h6 13. Bxf6 Nxf6 14. a4 Bg4 15. Nd2
Nh5 16. Be2 Qd7 17. Bxg4 Qxg4 18. h3 Qd7 19. Ne2 f5 20. f3 f4 21. Ra3 Qe7 22.
Rfa1 Qg5 23. Nf1 Kh7 24. a5 Rab8 25. Qa2 Rf7 26. axb6 axb6 27. Ra7 Rxa7 28.
Qxa7 Qd8 29. Nc3 Nf6 30. Ra6 Ne8 31. Na4 Nc7 32. Nxc5 bxc5 33. Rc6 Na8 34. Nd2
Rb6 35. Nb3 Rb8 36. Na5 Qf8 37. b6 Nxb6 38. Rxb6 Ra8 39. Qc7 Rxa5 40. Rxd6 Ra1+
41. Kh2 Ra7 42. Qxc5 Rd7 43. Rc6 h5 44. Qxf8 Bxf8 45. c5 Kg7 46. g3 fxg3+ 47.
Kxg3 g5 48. h4 Be7 49. hxg5 Bxg5 50. Re6 Bf6 51. c6 Rc7 52. f4 exf4+ 53. Kxf4
Kf7 54. e5 Bd8 55. Rh6 h4 56. Rh7+ Ke8 57. Rxc7 Bxc7 58. d6 Ba5 59. Kg4 Kd8 60.
Kxh4 Bc3 61. e6 Be5 62. c7+ Kc8 63. e7 Bxd6 64. e8=Q+ Kxc7 65. Qf7+ Kc6 66. Kg4
Kc5 67. Kf3 Be5 68. Ke4 Bc3 69. Qd5+ Kb4 70. Kd3 Bb2 71. Qc4+ Ka3 72. Qb5 Ka2
73. Kc2 1-0

[Event "DVM U14 2018"]
[Site "Magdeburg GER"]
[Date "2018.12.27"]
[Round "2"]
[White "Kirchner, Markus"]
[Black "Kosev, Momchil"]
[Result "1-0"]
[Termination "normal"]
[Board "7.1"]
[WhiteElo "1928"]
[BlackElo "1825"]
[WhiteTeam "SF Schöneck"]
[BlackTeam "Erfurter SK"]
[PlyCount "67"]
[WhiteFideId "12979163"]
[BlackFideId "12975982"]
[EventCountry "GER"]
[EventRounds "7"]
[EventType "team-swiss"]
[EventDate "2018.12.26"]

1. e4 c5 2. Nf3 d6 3. d4 cxd4 4. Nxd4 Nf6 5. f3 e5 6. Nb3 a6 7. c4 Be6 8. Be3
Nbd7 9. Nc3 Rc8 10. Nd5 Bxd5 11. cxd5 g6 12. Be2 Bg7 13. O-O O-O 14. Qd2 Qe7
15. Rac1 Rfd8 16. Na5 Nf8 17. Qb4 Rb8 18. Rc2 Ne8 19. Rfc1 Qd7 20. Rc3 h5 21.
Bd1 Qb5 22. Qxb5 axb5 23. b4 Kh7 24. Be2 Bh6 25. Bxh6 Kxh6 26. Bxb5 Kg7 27.
R1c2 Kf6 28. Kf2 Ke7 29. Bxe8 Kxe8 30. Rc7 Rd7 31. Rc8+ Rd8 32. Rxb8 Rxb8 33.
Rc7 b6 34. Nc6 1-0

[Event "DVM U14 2018"]
[Site "Magdeburg GER"]
[Date "2018.12.27"]
[Round "2"]
[White "Wagner, Victoria"]
[Black "Pomrehn, Ole Magnus"]
[Result "1-0"]
[Termination "normal"]
[Board "7.2"]
[WhiteElo "1777"]
[BlackElo "1503"]
[WhiteTeam "Erfurter SK"]
[BlackTeam "SF Schöneck"]
[PlyCount "63"]
[WhiteFideId "16232348"]
[BlackFideId "16232704"]
[EventCountry "GER"]
[EventRounds "7"]
[EventType "team-swiss"]
[EventDate "2018.12.26"]

1. e4 g6 2. d4 Bg7 3. Nc3 d6 4. Be3 Nd7 5. Qd2 e6 6. Nf3 h6 7. h3 Ne7 8. Be2 a6
9. a4 b6 10. Rd1 Bb7 11. O-O Rc8 12. Nh2 Nf6 13. Bf3 c6 14. Qc1 d5 15. e5 Nd7
16. Be2 c5 17. f4 c4 18. Qd2 Rc7 19. Qe1 Nf5 20. Bf2 Bc6 21. g4 Ne7 22. Bh4 Qc8
23. Bxe7 Kxe7 24. f5 gxf5 25. gxf5 Rg8 26. Bg4 exf5 27. Rxf5 Kd8 28. Rxf7 Qb7
29. Qh4+ Kc8 30. Qe7 Kb8 31. Rxg7 Rxg7 32. Qxg7 1-0

[Event "DVM U14 2018"]
[Site "Magdeburg GER"]
[Date "2018.12.27"]
[Round "2"]
[White "Tiggemann, Felix"]
[Black "Wagner, Margarethe"]
[Result "0-1"]
[Termination "normal"]
[Board "7.3"]
[WhiteElo "1510"]
[BlackElo "1693"]
[WhiteTeam "SF Schöneck"]
[BlackTeam "Erfurter SK"]
[PlyCount "52"]
[WhiteFideId "16221966"]
[BlackFideId "16236947"]
[EventCountry "GER"]
[EventRounds "7"]
[EventType "team-swiss"]
[EventDate "2018.12.26"]

1. e4 c5 2. Nf3 d6 3. d4 cxd4 4. Nxd4 Nf6 5. f3 e5 6. Nb3 Be6 7. c4 Nbd7 8. Nc3
Be7 9. Be3 a6 10. Be2 h6 11. Rc1 O-O 12. O-O Re8 13. Nd5 Rc8 14. Qd2 Nc5 15.
Nxc5 dxc5 16. Rfd1 Nh7 17. Nxe7+ Qxe7 18. Qd6 Qxd6 19. Rxd6 Nf8 20. Rcd1 Ng6
21. Rb6 Rc7 22. Rbd6 Ne7 23. Rd8 Rxd8 24. Rxd8+ Kh7 25. Kf2 Nc6 26. b3 Nxd8 0-1

[Event "DVM U14 2018"]
[Site "Magdeburg GER"]
[Date "2018.12.27"]
[Round "2"]
[White "Seinsoth, Paul"]
[Black "Albrecht, Joel"]
[Result "1-0"]
[Termination "normal"]
[Board "7.4"]
[WhiteElo "1536"]
[BlackElo "774"]
[WhiteTeam "Erfurter SK"]
[BlackTeam "SF Schöneck"]
[PlyCount "63"]
[WhiteFideId "12994634"]
[BlackFideId "16274938"]
[EventCountry "GER"]
[EventRounds "7"]
[EventType "team-swiss"]
[EventDate "2018.12.26"]

1. e4 c5 2. Nf3 Nc6 3. d4 cxd4 4. Nxd4 Nf6 5. Nc3 g6 6. f3 Bg7 7. Be3 O-O 8.
Be2 d6 9. Qd2 Bd7 10. O-O-O Rc8 11. Kb1 Ne5 12. g4 Nc4 13. Bxc4 Rxc4 14. h4 a6
15. h5 b5 16. Qh2 e6 17. hxg6 fxg6 18. Qxd6 Qc8 19. Rd2 b4 20. Nd1 e5 21. Qxe5
Nxg4 22. Qd5+ Kh8 23. fxg4 Bxg4 24. Nb3 Bf3 25. Rh4 Bxd1 26. Rxd1 Rxc2 27.
Rxh7+ Kxh7 28. Rh1+ Bh6 29. Bxh6 Rff2 30. Bf8+ Rh2 31. Qf7+ Kh8 32. Qg7# 1-0

[Event "DVM U14 2018"]
[Site "Magdeburg GER"]
[Date "2018.12.27"]
[Round "2"]
[White "Koll, Linus"]
[Black "Meier, Silas"]
[Result "1-0"]
[Termination "normal"]
[Board "8.1"]
[WhiteElo "2018"]
[BlackElo "1758"]
[WhiteTeam "Karlsruher SF"]
[BlackTeam "Schachakademie Paderborn"]
[PlyCount "95"]
[WhiteFideId "12990299"]
[BlackFideId "16210662"]
[EventCountry "GER"]
[EventRounds "7"]
[EventType "team-swiss"]
[EventDate "2018.12.26"]

1. e4 e6 2. d4 d5 3. exd5 exd5 4. Bd3 Bd6 5. Nf3 Ne7 6. O-O Bg4 7. c4 c6 8. c5
Bc7 9. Nbd2 Nd7 10. Qc2 Nf6 11. Ne5 Qc8 12. f3 Bf5 13. b4 O-O 14. f4 Bxd3 15.
Qxd3 Qf5 16. Qe2 h5 17. h3 h4 18. Ndf3 Qh5 19. a4 Nf5 20. Qd3 Ne4 21. b5 f6 22.
Ng4 Qf7 23. a5 Rfb8 24. Rd1 Qd7 25. Ne3 Bxf4 26. Nxf5 Qxf5 27. Nxh4 Qg5 28. Nf3
Qg3 29. Bxf4 Qxf4 30. Rab1 Qg3 31. Rf1 Qc7 32. Nd2 Re8 33. Nxe4 Rxe4 34. a6
bxa6 35. bxa6 Rb8 36. Rxb8+ Qxb8 37. Rb1 Qf4 38. g3 Qc7 39. Kg2 Re7 40. Rb7 Qd8
41. Qb1 Rc7 42. Qf5 Qe7 43. Rb8+ Kf7 44. Qh5+ g6 45. Qh7+ Ke6 46. Qxg6 Rb7 47.
Rxb7 Qc7 48. Qg8+ 1-0

[Event "DVM U14 2018"]
[Site "Magdeburg GER"]
[Date "2018.12.27"]
[Round "2"]
[White "Yin, Haode"]
[Black "Kravtsov, Maksim"]
[Result "1-0"]
[Termination "normal"]
[Board "8.2"]
[WhiteElo "1696"]
[BlackElo "1861"]
[WhiteTeam "Schachakademie Paderborn"]
[BlackTeam "Karlsruher SF"]
[PlyCount "89"]
[WhiteFideId "16261348"]
[BlackFideId "54173868"]
[EventCountry "GER"]
[EventRounds "7"]
[EventType "team-swiss"]
[EventDate "2018.12.26"]

1. d4 Nf6 2. Nf3 g6 3. g3 Bg7 4. Bg2 d6 5. O-O O-O 6. c4 Re8 7. Nc3 Nbd7 8. Qc2
e5 9. dxe5 dxe5 10. Rd1 Qe7 11. e4 c6 12. b3 a5 13. Bb2 Rb8 14. Rac1 b6 15. Qd2
Bf8 16. Qc2 Ba6 17. Qb1 Rbc8 18. Bf1 Rc7 19. Na4 Bb7 20. Bg2 Rec8 21. Nc3 Bh6
22. Nd2 Rd8 23. Na4 Nc5 24. Nxc5 Qxc5 25. Nf3 Re8 26. Rc2 Bc8 27. Re2 Bg4 28.
h3 Bxf3 29. Bxf3 b5 30. Rc2 b4 31. Re2 a4 32. Qc2 axb3 33. axb3 Ra8 34. Ree1
Ra2 35. Rb1 Rd7 36. Red1 Qe7 37. Ra1 Rxd1+ 38. Rxd1 Nd7 39. Qb1 Ra5 40. Qd3 Nc5
41. Qd8+ Qxd8 42. Rxd8+ Kg7 43. Bxe5+ f6 44. Bd6 Nxb3 45. Bf8+ 1-0

[Event "DVM U14 2018"]
[Site "Magdeburg GER"]
[Date "2018.12.27"]
[Round "2"]
[White "Wang, Xinyuan"]
[Black "Nourzad, Shayan"]
[Result "1-0"]
[Termination "normal"]
[Board "8.3"]
[WhiteElo "1748"]
[BlackElo "1628"]
[WhiteTeam "Karlsruher SF"]
[BlackTeam "Schachakademie Paderborn"]
[PlyCount "51"]
[WhiteFideId "16221494"]
[BlackFideId "16274890"]
[EventCountry "GER"]
[EventRounds "7"]
[EventType "team-swiss"]
[EventDate "2018.12.26"]

1. d4 Nf6 2. c4 g6 3. Nc3 d5 4. cxd5 Nxd5 5. e4 Nxc3 6. bxc3 Bg7 7. Bc4 O-O 8.
Ne2 c5 9. Be3 Qa5 10. O-O Nc6 11. Rb1 a6 12. Qc1 b5 13. Bb3 c4 14. Bc2 Bb7 15.
f3 Rab8 16. a3 Rfd8 17. Ra1 e6 18. Qe1 Qb6 19. Qf2 Qa5 20. d5 Ba8 21. dxc6 Bxc6
22. Bd4 e5 23. Be3 Bf8 24. f4 Qc7 25. fxe5 Bg7 26. Bf4 1-0

[Event "DVM U14 2018"]
[Site "Magdeburg GER"]
[Date "2018.12.27"]
[Round "2"]
[White "Hencke, Lenny"]
[Black "Borodaev, Roman"]
[Result "0-1"]
[Termination "normal"]
[Board "8.4"]
[WhiteElo "1193"]
[BlackElo "1330"]
[WhiteTeam "Schachakademie Paderborn"]
[BlackTeam "Karlsruher SF"]
[PlyCount "40"]
[WhiteFideId "16274911"]
[BlackFideId "16274881"]
[EventCountry "GER"]
[EventRounds "7"]
[EventType "team-swiss"]
[EventDate "2018.12.26"]

1. d4 d5 2. Bf4 Nc6 3. e3 Nf6 4. Nd2 Bf5 5. c3 e6 6. Ngf3 Bd6 7. Bg3 O-O 8. Ne5
Bxe5 9. dxe5 Ne4 10. Qf3 Nxd2 11. Kxd2 f6 12. exf6 Qxf6 13. Bxc7 e5 14. Qxd5+
Be6 15. Qb5 Qxf2+ 16. Be2 Qxg2 17. Rhg1 Qxh2 18. Qxb7 Rad8+ 19. Bxd8 Rxd8+ 20.
Kc1 Qxg1+ 0-1

[Event "DVM U14 2018"]
[Site "Magdeburg GER"]
[Date "2018.12.27"]
[Round "2"]
[White "Schröter, Christopher"]
[Black "Hetzner, Hannes"]
[Result "0-1"]
[Termination "normal"]
[Board "9.1"]
[WhiteElo "1453"]
[BlackElo "1895"]
[WhiteTeam "1. SC Anhalt"]
[BlackTeam "SC Erlangen"]
[PlyCount "72"]
[WhiteFideId "16274970"]
[BlackFideId "16211936"]
[EventCountry "GER"]
[EventRounds "7"]
[EventType "team-swiss"]
[EventDate "2018.12.26"]

1. d4 Nf6 2. g3 d5 3. Bg2 e6 4. Nf3 Be7 5. O-O O-O 6. c3 c5 7. Nbd2 Nc6 8. Nb3
b6 9. Qc2 a5 10. a4 Ba6 11. Re1 Qc7 12. Bf4 Bd6 13. Bxd6 Qxd6 14. Nbd2 Rac8 15.
Qb3 cxd4 16. cxd4 Nb4 17. Rac1 Rxc1 18. Rxc1 Bxe2 19. Ne5 Nd7 20. Qe3 Ba6 21.
b3 Rc8 22. Rxc8+ Bxc8 23. Qc3 Ba6 24. Ndf3 f6 25. Nxd7 Qxd7 26. Bh3 Bd3 27. Qe1
Kf7 28. Nh4 Bc2 29. Qe3 Qc6 30. Bf1 g5 31. Nf3 Be4 32. Nd2 Nc2 33. Qe2 Nxd4 34.
Qh5+ Bg6 35. Qd1 Qc2 36. Qe1 Qxd2 0-1

[Event "DVM U14 2018"]
[Site "Magdeburg GER"]
[Date "2018.12.27"]
[Round "2"]
[White "Högner, Tom"]
[Black "Böhm, Florian"]
[Result "1-0"]
[Termination "normal"]
[Board "9.2"]
[WhiteElo "1880"]
[BlackElo "1443"]
[WhiteTeam "SC Erlangen"]
[BlackTeam "1. SC Anhalt"]
[PlyCount "107"]
[WhiteFideId "12995436"]
[BlackFideId "16274989"]
[EventCountry "GER"]
[EventRounds "7"]
[EventType "team-swiss"]
[EventDate "2018.12.26"]

1. e4 e5 2. Nf3 Nf6 3. Nc3 Bb4 4. Bc4 d6 5. d3 O-O 6. Bd2 Nc6 7. h3 Na5 8. Nh2
Nxc4 9. dxc4 Bxc3 10. Bxc3 Nxe4 11. Qd3 Nxc3 12. Qxc3 Qg5 13. g4 f5 14. Nf3 Qf4
15. g5 Qe4+ 16. Kf1 b6 17. Re1 Qc6 18. Rg1 g6 19. h4 Bb7 20. Rg3 f4 21. Rh3 e4
22. Nd4 Qd7 23. Rh2 d5 24. Ke2 c5 25. Nb3 d4 26. Qd2 Qd6 27. f3 Qe6 28. fxe4
Qxe4+ 29. Kd1 Qf5 30. Qf2 Rfe8 31. Rg1 Qe4 32. Nd2 Qe3 33. Qf1 f3 34. Kc1 Rf8
35. Rf2 Rae8 36. Kd1 Be4 37. Rg3 d3 38. cxd3 Bxd3 39. Rfxf3 Qxf3+ 40. Qxf3 Rxf3
41. Nxf3 Bxc4 42. b3 Bd5 43. Nd2 Re7 44. Rd3 Rd7 45. Kc1 Bc6 46. Rc3 a6 47. Nc4
b5 48. Ne5 Rd6 49. Rxc5 Bb7 50. Rc7 Bd5 51. Kb2 Be4 52. Ng4 Rc6 53. Nf6+ Kh8
54. Rxh7# 1-0

[Event "DVM U14 2018"]
[Site "Magdeburg GER"]
[Date "2018.12.27"]
[Round "2"]
[White "Lautenschläger, Friedrich"]
[Black "Wu, Wilfried"]
[Result "1/2-1/2"]
[Termination "normal"]
[Board "9.3"]
[WhiteElo "1364"]
[BlackElo "1491"]
[WhiteTeam "1. SC Anhalt"]
[BlackTeam "SC Erlangen"]
[PlyCount "114"]
[WhiteFideId "16274997"]
[BlackFideId "16260775"]
[EventCountry "GER"]
[EventRounds "7"]
[EventType "team-swiss"]
[EventDate "2018.12.26"]

1. d4 d5 2. c4 e6 3. Nc3 Nf6 4. Bg5 Be7 5. e3 h6 6. Bh4 Nc6 7. Nf3 O-O 8. Bd3
Nb4 9. O-O Nxd3 10. Qxd3 dxc4 11. Qxc4 c6 12. Bg3 Nd5 13. Rac1 Qb6 14. Na4 Qd8
15. Nc5 Nb6 16. Qc3 Bd6 17. Ne4 Bxg3 18. Nxg3 Nd5 19. Qc5 Nf6 20. b4 Qd5 21. a4
a5 22. b5 Bd7 23. Ne5 Rac8 24. e4 Qxc5 25. Rxc5 b6 26. Nxd7 bxc5 27. Nxf8 Kxf8
28. dxc5 cxb5 29. axb5 Rxc5 30. Rb1 Rc8 31. f3 Rb8 32. Kf2 Ne8 33. Ne2 Nd6 34.
Nd4 Ke8 35. Ke3 Kd7 36. Kd3 f6 37. Nc6 Ra8 38. Nd4 e5 39. Nf5 Nxf5 40. exf5 Kd6
41. b6 Kc6 42. Kc4 Rb8 43. Rb5 a4 44. Ra5 Rd8 45. Rxa4 Kxb6 46. Ra2 Rd4+ 47.
Kc3 Rf4 48. Rb2+ Kc6 49. Kd3 Rxf5 50. Rc2+ Kd5 51. Rc7 Rg5 52. g4 f5 53. h4 Rg6
54. gxf5 Rf6 55. Rd7+ Kc6 56. Rxg7 Rxf5 57. Ke3 Rh5 1/2-1/2

[Event "DVM U14 2018"]
[Site "Magdeburg GER"]
[Date "2018.12.27"]
[Round "2"]
[White "Gilbert, Tim"]
[Black "Kopvillem, Mikhail"]
[Result "1/2-1/2"]
[Termination "normal"]
[Board "9.4"]
[WhiteElo "1617"]
[BlackElo "1089"]
[WhiteTeam "SC Erlangen"]
[BlackTeam "1. SC Anhalt"]
[PlyCount "78"]
[WhiteFideId "16269527"]
[BlackFideId "16275004"]
[EventCountry "GER"]
[EventRounds "7"]
[EventType "team-swiss"]
[EventDate "2018.12.26"]

1. e4 e5 2. Nf3 Nc6 3. Bc4 Nf6 4. O-O Bc5 5. d3 d6 6. Bg5 Bg4 7. h3 Bh5 8. Nbd2
O-O 9. Bd5 Rb8 10. c3 Qe7 11. Qc1 Nd8 12. Nh4 Ne6 13. Nf5 Qd8 14. Nb3 Nxg5 15.
Qxg5 Bg6 16. Ne3 Nxd5 17. Qxd8 Rfxd8 18. Nxd5 c6 19. Ne7+ Kf8 20. Nxg6+ hxg6
21. Kh2 Ke7 22. f4 f6 23. Rf3 exf4 24. Rxf4 Be3 25. Rf3 Bg5 26. Nd4 a6 27. Raf1
Rf8 28. Rg3 c5 29. Ne2 b5 30. Nf4 Bxf4 31. Rxf4 g5 32. Rf2 Ke6 33. Rgf3 a5 34.
g4 b4 35. c4 a4 36. Kg3 Rh8 37. Rh2 b3 38. Rf1 bxa2 39. Ra1 Ke5 1/2-1/2

[Event "DVM U14 2018"]
[Site "Magdeburg GER"]
[Date "2018.12.27"]
[Round "2"]
[White "Gallasch, Jonas"]
[Black "Schuh, Robert"]
[Result "1/2-1/2"]
[Termination "normal"]
[Board "10.1"]
[WhiteElo "2101"]
[BlackElo "1512"]
[WhiteTeam "SG Porz"]
[BlackTeam "FVS ASP Hoyerswerda"]
[PlyCount "113"]
[WhiteFideId "16222474"]
[BlackFideId "16215990"]
[EventCountry "GER"]
[EventRounds "7"]
[EventType "team-swiss"]
[EventDate "2018.12.26"]

1. Nf3 d6 2. d4 Nf6 3. Nc3 g6 4. Bf4 Bg7 5. Qd2 c6 6. Bh6 Bf8 7. e4 Nbd7 8.
O-O-O Qc7 9. Bxf8 Rxf8 10. Bd3 e5 11. Rhe1 b6 12. dxe5 dxe5 13. Kb1 Bb7 14. Qe2
O-O-O 15. Nd2 Nc5 16. Nb3 Nxd3 17. cxd3 Kb8 18. Qf3 Ng8 19. d4 f6 20. Qe3 Ne7
21. Rc1 Qd7 22. Red1 Qe6 23. dxe5 fxe5 24. f3 Ng8 25. Rxd8+ Rxd8 26. Rd1 Rxd1+
27. Nxd1 Qd6 28. Qd2 Qxd2 29. Nxd2 Ba6 30. Ne3 Nf6 31. Kc2 Kc7 32. Ndc4 Nd7 33.
g3 b5 34. Nd2 Kd6 35. Kc3 Bc8 36. f4 Nf6 37. Kd3 Ng4 38. Nxg4 Bxg4 39. b4 Bd7
40. Nf3 exf4 41. gxf4 c5 42. a3 c4+ 43. Kd4 h6 44. Nd2 Bg4 45. Nb1 a6 46. Nc3
Be6 47. a4 Bd7 48. axb5 axb5 49. h4 h5 50. Ke3 Ke6 51. Kf3 Bc6 52. Kf2 Bd7 53.
Ke3 Bc6 54. Kd4 Bd7 55. Nb1 Bc6 56. Nc3 Bd7 57. Nb1 1/2-1/2

[Event "DVM U14 2018"]
[Site "Magdeburg GER"]
[Date "2018.12.27"]
[Round "2"]
[White "Wende, Hugo"]
[Black "Sabirov, Rafael"]
[Result "1-0"]
[Termination "normal"]
[Board "10.2"]
[WhiteElo "1573"]
[BlackElo "1571"]
[WhiteTeam "FVS ASP Hoyerswerda"]
[BlackTeam "SG Porz"]
[PlyCount "95"]
[WhiteFideId "16220030"]
[BlackFideId "16241185"]
[EventCountry "GER"]
[EventRounds "7"]
[EventType "team-swiss"]
[EventDate "2018.12.26"]

1. d4 d5 2. c4 e6 3. Nc3 Nf6 4. Bg5 Be7 5. Nf3 b6 6. e3 Bb7 7. cxd5 exd5 8. Be2
Nbd7 9. O-O O-O 10. Rc1 Rc8 11. Qc2 c5 12. Rfd1 Re8 13. dxc5 bxc5 14. Bf4 Nb6
15. a3 Nfd7 16. Ne5 Nxe5 17. Bxe5 Bf6 18. Bxf6 Qxf6 19. Bf3 Qe5 20. Qb3 Rcd8
21. Qb5 Qe7 22. Ne2 Rc8 23. Nf4 Red8 24. Qb3 Qg5 25. h3 Bc6 26. Qa2 Ba8 27. b4
c4 28. Rd4 Rd6 29. Ne2 Re8 30. Rcd1 f5 31. Nc3 Red8 32. Qc2 Qf6 33. Rf4 g6 34.
g4 d4 35. Bxa8 Nxa8 36. Nb5 R6d7 37. Qxc4+ Kg7 38. Nxd4 Rd6 39. gxf5 g5 40. Rg4
h6 41. Re1 R8d7 42. h4 Nb6 43. Qb3 Rd5 44. hxg5 hxg5 45. Ne6+ Kh6 46. Nd4 Kg7
47. Kg2 Rd8 48. Ne6+ 1-0

[Event "DVM U14 2018"]
[Site "Magdeburg GER"]
[Date "2018.12.27"]
[Round "2"]
[White "Kogan, Gabriel"]
[Black "Schuh, Ramon"]
[Result "1-0"]
[Termination "normal"]
[Board "10.3"]
[WhiteElo "1536"]
[BlackElo "1307"]
[WhiteTeam "SG Porz"]
[BlackTeam "FVS ASP Hoyerswerda"]
[PlyCount "135"]
[WhiteFideId "16238265"]
[BlackFideId "16215982"]
[EventCountry "GER"]
[EventRounds "7"]
[EventType "team-swiss"]
[EventDate "2018.12.26"]

1. e4 d6 2. d4 Nf6 3. Nc3 g6 4. Bc4 Bg7 5. Nf3 O-O 6. O-O Nc6 7. h3 e5 8. dxe5
dxe5 9. Bg5 h6 10. Bh4 g5 11. Bg3 Qe7 12. Qe2 Re8 13. Rfe1 Be6 14. Nd5 Bxd5 15.
exd5 Nb4 16. Rad1 e4 17. Ne5 Nfxd5 18. Bxd5 Bxe5 19. Qxe4 Nxd5 20. Rxd5 Bf6 21.
Qxe7 Rxe7 22. Rxe7 Bxe7 23. Rd7 Bf6 24. c3 Re8 25. Rxc7 Re1+ 26. Kh2 Rb1 27.
Rxb7 Bxc3 28. Rxa7 Rxb2 29. a4 Bd4 30. Ra8+ Kg7 31. f3 Ra2 32. Bd6 Kf6 33. Ra6
Kg7 34. Ra8 h5 35. a5 h4 36. a6 Ra1 37. g4 Ra2+ 38. Kh1 Kf6 39. Bc7 Ke6 40. f4
f6 41. fxg5 fxg5 42. Rg8 Bf6 43. Ra8 Bd4 44. Bd8 Be3 45. a7 Rxa7 46. Rxa7 Bxa7
47. Bxg5 Bf2 48. Kg2 Bg3 49. Kf3 Kf7 50. Bf4 Be1 51. Ke2 Bb4 52. Bg5 Be7 53.
Bxe7 Kxe7 54. Kf3 Kf7 55. g5 Kg6 56. Kg4 Kh7 57. Kxh4 Kg8 58. Kh5 Kh7 59. g6+
Kg8 60. Kg5 Kg7 61. h4 Kg8 62. h5 Kg7 63. h6+ Kh8 64. Kf6 Kg8 65. g7 Kh7 66.
Kf7 Kxh6 67. g8=Q Kh5 68. Qg3 1-0

[Event "DVM U14 2018"]
[Site "Magdeburg GER"]
[Date "2018.12.27"]
[Round "2"]
[White "Friedrich, Eddie"]
[Black "Laudwein, Jakob"]
[Result "1/2-1/2"]
[Termination "normal"]
[Board "10.4"]
[WhiteElo "1142"]
[BlackElo "1431"]
[WhiteTeam "FVS ASP Hoyerswerda"]
[BlackTeam "SG Porz"]
[PlyCount "72"]
[WhiteFideId "16274946"]
[BlackFideId "16258487"]
[EventCountry "GER"]
[EventRounds "7"]
[EventType "team-swiss"]
[EventDate "2018.12.26"]

1. e4 c5 2. Nf3 e6 3. Nc3 Nc6 4. d4 cxd4 5. Nxd4 a6 6. g3 Nge7 7. Bg2 Nxd4 8.
Qxd4 Nc6 9. Qd3 Be7 10. O-O O-O 11. Re1 d6 12. Be3 Bd7 13. a3 Ne5 14. Qe2 Qc7
15. Rad1 Rfd8 16. f4 Nc4 17. Rb1 Rac8 18. Qf2 Nxe3 19. Qxe3 d5 20. Qd3 dxe4 21.
Bxe4 h6 22. Qf3 Qb6+ 23. Kg2 Bc6 24. Re2 Bf6 25. Bxc6 Rxc6 26. Ne4 Be7 27. h3
Rdc8 28. Qd3 R6c7 29. Nf2 Qc6+ 30. Kh2 Rd7 31. Qb3 Rcd8 32. Nd3 Bd6 33. Rf1 Bc7
34. Rff2 b5 35. Nb4 Qb7 36. Nd3 Rd5 1/2-1/2

[Event "DVM U14 2018"]
[Site "Magdeburg GER"]
[Date "2018.12.28"]
[Round "3"]
[White "Stockmann, Till"]
[Black "Bui, Bao Anh Le"]
[Result "1/2-1/2"]
[Termination "normal"]
[Board "1.1"]
[WhiteElo "1856"]
[BlackElo "2071"]
[WhiteClock "00:24:51"]
[BlackClock "00:11:38"]
[WhiteTeam "Schachzwerge Magdeburg"]
[BlackTeam "SV Mattnetz Berlin"]
[PlyCount "90"]
[WhiteFideId "12979341"]
[BlackFideId "12970719"]
[EventCountry "GER"]
[EventRounds "7"]
[EventType "team-swiss"]
[EventDate "2018.12.26"]

1. e4 c5 2. Nc3 Nc6 3. Nf3 e5 4. Bc4 d6 5. d3 Be7 6. h3 Nf6 7. O-O Na5 8. Bb5+
Nc6 9. Ne2 O-O 10. c3 Qc7 11. Re1 a6 12. Ba4 c4 13. Ng3 b5 14. Bc2 cxd3 15.
Qxd3 Na5 16. Nh4 Nh5 17. Nhf5 Nxg3 18. Qxg3 Bxf5 19. exf5 Bf6 20. h4 Rac8 21.
Bg5 Qe7 22. Re4 Rc4 23. Rae1 Rfc8 24. Bd3 Rxe4 25. Rxe4 Kh8 26. f4 Nc6 27. Re3
h6 28. Qg4 Qa7 29. Qh3 exf4 30. Bxf4 Be5 31. Bxe5 Nxe5 32. Kf1 Ng4 33. Re2 h5
34. f6 gxf6 35. Bf5 Rc4 36. Bxg4 hxg4 37. Qg3 Qc5 38. Re3 f5 39. Qf2 Re4 40.
Rd3 Qc4 41. Qd2 f4 42. b3 Qe6 43. Rxd6 Re1+ 44. Qxe1 Qxd6 45. Qe2 f5 1/2-1/2

[Event "DVM U14 2018"]
[Site "Magdeburg GER"]
[Date "2018.12.28"]
[Round "3"]
[White "Schauties, Nico Antonio"]
[Black "Morgenstern, Tobias"]
[Result "0-1"]
[Termination "normal"]
[Board "1.2"]
[WhiteElo "1916"]
[BlackElo "1734"]
[WhiteClock "00:18:34"]
[BlackClock "00:07:17"]
[WhiteTeam "SV Mattnetz Berlin"]
[BlackTeam "Schachzwerge Magdeburg"]
[PlyCount "64"]
[WhiteFideId "16206371"]
[BlackFideId "12974390"]
[EventCountry "GER"]
[EventRounds "7"]
[EventType "team-swiss"]
[EventDate "2018.12.26"]

1. d4 Nf6 2. Nf3 g6 3. c4 Bg7 4. Nc3 O-O 5. e4 d6 6. Be2 e5 7. d5 a5 8. h3 Na6
9. g4 Nc5 10. Qc2 c6 11. Be3 cxd5 12. cxd5 b6 13. Nd2 Bd7 14. Nc4 Ne8 15. a4 f5
16. f3 fxe4 17. fxe4 Qh4+ 18. Kd2 Bh6 19. Raf1 Rxf1 20. Rxf1 Bxe3+ 21. Nxe3
Qxh3 22. g5 Qh4 23. Rg1 Qf4 24. Bb5 Bxb5 25. axb5 Rc8 26. Rg4 Qf2+ 27. Ne2 a4
28. Qd1 Nc7 29. Qf1 Qxf1 30. Nxf1 Nxb5 31. Nc3 Nxc3 32. bxc3 a3 0-1

[Event "DVM U14 2018"]
[Site "Magdeburg GER"]
[Date "2018.12.28"]
[Round "3"]
[White "Ho, Ngoc Hai-Dang"]
[Black "Heutling, Elina"]
[Result "0-1"]
[Termination "normal"]
[Board "1.4"]
[WhiteElo "1719"]
[BlackElo "1742"]
[WhiteClock "00:20:45"]
[BlackClock "00:25:00"]
[WhiteTeam "SV Mattnetz Berlin"]
[BlackTeam "Schachzwerge Magdeburg"]
[PlyCount "86"]
[WhiteFideId "16206509"]
[BlackFideId "16244729"]
[EventCountry "GER"]
[EventRounds "7"]
[EventType "team-swiss"]
[EventDate "2018.12.26"]

1. e4 c5 2. Nf3 d6 3. d4 Nf6 4. Nc3 cxd4 5. Nxd4 a6 6. Be2 e5 7. Nb3 Be6 8. O-O
Be7 9. Be3 Nbd7 10. f3 Rc8 11. Qd2 O-O 12. a4 Nb6 13. a5 Nc4 14. Bxc4 Rxc4 15.
Bb6 Qc8 16. Rfd1 Nd7 17. Bf2 Kh8 18. Qe2 f5 19. Nd2 f4 20. Nxc4 Bxc4 21. Qd2
Rg8 22. Nd5 Bf8 23. b3 Bb5 24. c4 Bc6 25. b4 Nf6 26. Qe2 Nxd5 27. cxd5 Bb5 28.
Qe1 g5 29. g4 fxg3 30. Bxg3 h5 31. Kh1 Qh3 32. Qe3 Bh6 33. Rg1 Rf8 34. Rac1 h4
35. Bf2 Rxf3 36. Rc8+ Kh7 37. Rc7+ Kg6 38. Qe1 g4 39. Bxh4 Bf4 40. Rc2 Bd3 41.
Rcg2 Re3 42. Qf2 Bxe4 43. Be7 Qxh2# 0-1